[Event "Sheikh Russel GM 2021"]
[Site "Dhaka"]
[Date "2021.10.27"]
[Round "9.11"]
[White "Murshed, Niaz"]
[Black "Deepan Chakkravarthy J."]
[Result "1-0"]
[WhiteElo "2410"]
[BlackElo "2535"]
[Annotator "TA"]
[PlyCount "89"]
[EventDate "2021.10.19"]
[EventType "swiss"]
[EventCountry "BAN"]
[SourceTitle "playchess.com"]
[Source "ChessBase"]
[SourceQuality "1"]

{[%evp 9,89,18,23,23,18,0,0,0,28,18,26,14,18,7,7,0,8,0,0,0,21,0,41,12,25,31,38,16,29,0,27,0,2,27,91,91,92,76,75,64,77,81,81,76,79,75,70,44,79,27,48,0,0,0,0,0,0,0,0,0,0,0,0,0,0,0,165,183,181,172,170,171,218,218,267,267,267,251,389,390,452,448]} 1. d4 Nf6 2. c4 e6 3. Nf3 d5 4. Nc3 a6 5. cxd5 exd5 6. Bf4 {D37: Queen's Gambit Declined: 5 Bf4.} Bd6 7. Bg3 $1 {The main line 7.Bg3 scores better than 7.Bxd6.} O-O 8. e3 {The position is equal.} Qe7 9. Bd3 Be6 {[#]} 10. Qc2 $146 ({Predecessor:} 10. Bxd6 Qxd6 11. O-O Nbd7 12. a3 a5 13. Qc2 c6 14. Rab1 g6 15. h3 Rfe8 16. Rfe1 {1-0 (39) Maiorov,N (2463)-Suarez Gomez,J (2449) Chess.com INT 2021}) 10... Nbd7 11. O-O Bxg3 12. hxg3 g6 13. Rae1 Qd6 14. Na4 Rfe8 15. Nc5 Rab8 16. Rc1 c6 17. b4 Ng4 18. Qd2 Ndf6 19. Ng5 Qf8 20. Rfe1 {And now f3 would win.} ({Not} 20. Ngxe6 $2 Qh6 $19) 20... Qh6 21. Nh3 Bf5 (21... Bc8 $11 {keeps the balance.}) 22. Bxf5 $16 gxf5 23. Qc2 Ne4 24. Nxe4 fxe4 25. Nf4 Rbd8 26. Kf1 a5 27. bxa5 Ra8 28. Qd2 Ra6 29. Rb1 (29. Qb4 $16) 29... Ra7 30. a6 b5 31. a4 Rxa6 32. axb5 cxb5 33. Rb2 Rea8 34. Ke2 Ra4 35. Reb1 ({Wrong is} 35. Nxd5 $2 Qe6 $19) 35... b4 36. Rxb4 Rxb4 37. Qxb4 Rc8 $2 {[#]} (37... Ra2+ $11 {and Black is okay.} 38. Rb2 Qa6+ 39. Kd2 Kg7) 38. Qa4 $18 ({But not} 38. Nxd5 $2 Rc2+ 39. Kd1 Rxf2 $19) 38... Kg7 39. Nxd5 Qd6 40. Nf4 Qc7 41. Kf1 Qc3 {intending ...Qd2.} 42. Qd1 Nf6 43. Kg1 Qa5 (43... Qc2 $142 44. Qf1 Ng4) 44. d5 Qc5 45. Nh5+ {Weighted Error Value: White=0.09/Black=0.23} 1-0

[Event "Sheikh Russel GM 2021"]
[Site "Dhaka"]
[Date "2021.10.27"]
[Round "9.12"]
[White "Abdisalimov, Abdimalik"]
[Black "Visakh N R"]
[Result "0-1"]
[WhiteElo "2406"]
[BlackElo "2515"]
[Annotator "TA"]
[PlyCount "90"]
[EventDate "2021.10.19"]
[EventType "swiss"]
[EventCountry "BAN"]
[SourceTitle "playchess.com"]
[Source "ChessBase"]
[SourceQuality "1"]

{[%evp 10,90,0,0,0,0,0,0,0,0,0,12,11,8,0,0,20,24,22,18,18,12,13,0,0,0,0,0,0,0,0,0,0,0,16,13,18,11,95,90,91,44,43,21,34,4,7,0,0,0,0,0,0,0,61,73,72,72,61,37,68,0,0,0,-10,-151,-150,-1223,-987,-937,-922,-1879,-1312,-1330,-1815,-1329,-1002,-986,-929,-866,-864,-835,-794]} 1. d4 Nf6 2. c4 e6 3. Nc3 Bb4 4. Qc2 O-O 5. e4 d6 6. e5 dxe5 {6...Nfd7 is more advanced technology. E32: Nimzo-Indian: Classical (4 Qc2): 4...0-0.} 7. dxe5 Ng4 8. Nf3 Nc6 {The position is equal.} 9. Bf4 Nd4 10. Qd2 Nxf3+ {[%mdl 64] [#] Discovered Attack} 11. gxf3 Qxd2+ 12. Kxd2 Nh6 (12... Rd8+ {keeps more tension.} 13. Kc2 Nxf2 14. Rg1 Bc5 15. Rg2 b6) 13. Bxh6 gxh6 14. Rg1+ Kh8 15. Bd3 Bd7 {[#]} 16. a3 $146 ({Predecessor:} 16. Be4 f5 17. exf6 Rxf6 18. Ke2 c6 19. Rad1 Rf7 20. Bc2 e5 21. Ne4 Be6 22. c5 {½-½ (53) Fodor,T (2495)-Turner,M (2485) Birmingham 2015}) 16... Be7 17. Ne4 Bc6 18. Nf6 {With the idea Rg3.} Rad8 19. Rg4 Bxf3 20. Rh4 {[%cal Rh4h6]} h5 21. Rg1 Bxf6 22. exf6 {aiming for Rg7.} e5 23. Ke3 {Threatens to win with Rg7.} e4 (23... Rd6 $1 $11 {remains equal.}) 24. Bxe4 $16 Bxe4 25. Rxe4 {[%mdl 4096] Endgame KRR-KRR} Rd6 $1 26. Re7 Rxf6 27. Rd1 Kg7 28. Rdd7 ({Much worse is} 28. Rxc7 Re8+ 29. Kd2 Rxf2+ 30. Kc3 Re3+ 31. Rd3 Rxd3+ 32. Kxd3 Rxb2 $17) 28... Rb6 29. b4 {[%cal Bb2b4,Bb4b5][%mdl 32]} Ra6 30. Rxc7 Rxa3+ 31. Kd4 a5 (31... b6 $11) 32. b5 $1 $14 b6 33. Rb7 Rf3 34. Rxb6 Rd8+ 35. Ke5 (35. Kc5 $14) 35... Rd1 $11 36. Rbb7 Rxf2 {Threatening ...a4.} 37. c5 {[#]} (37. Ke4 $1 $11) 37... a4 $1 $17 {[%cal Ba5a4,Ba4a3][%mdl 32] ...a3 is the strong threat.} 38. c6 $2 {White does not recover from this.} (38. Rbd7 $17 Re2+ 39. Kf4 Rf1+ 40. Kg3) 38... a3 $19 {Black is clearly winning.} 39. Ra7 a2 40. Rxf7+ Rxf7 41. Rxa2 Re7+ 42. Kf4 Rd4+ 43. Kf3 Rb4 44. Rc2 Rc7 45. Rc5 Kf6 {Weighted Error Value: White=0.33/Black=0.08} 0-1

[Event "Sheikh Russel GM 2021"]
[Site "Dhaka"]
[Date "2021.10.27"]
[Round "9.13"]
[White "Sumets, Andrey"]
[Black "Girinath, P.D.S."]
[Result "1-0"]
[WhiteElo "2497"]
[BlackElo "2335"]
[Annotator "TA"]
[PlyCount "91"]
[EventDate "2021.10.19"]
[EventType "swiss"]
[EventCountry "BAN"]
[SourceTitle "playchess.com"]
[Source "ChessBase"]
[SourceQuality "1"]

{[%evp 18,91,74,49,87,70,80,54,73,65,65,55,90,52,94,90,71,72,84,70,105,133,131,134,124,112,111,114,103,60,55,43,70,69,66,0,0,0,108,98,106,105,123,130,134,144,181,181,181,181,187,181,212,207,227,185,198,191,251,200,264,264,323,237,255,255,255,255,497,486,612,615,29989,29990,29990,29991]} 1. d4 e6 2. Nf3 f5 3. g3 Nf6 4. Bg2 Be7 5. O-O a5 6. c4 d6 7. Nc3 O-O 8. b3 Qe8 9. Bb2 Qh5 {is cutting edge theory.} 10. e3 Qh6 {A99: Classical Dutch: Fluid Systems: 7 Nc3 Qe8 8 b3.} 11. Qe2 {[#]} Na6 $146 ({Predecessor:} 11... Ne4 12. Nxe4 fxe4 13. Nd2 d5 14. f3 Bg5 15. fxe4 Bxe3+ 16. Kh1 Rd8 17. Nf3 Nd7 18. exd5 {1-0 (27) Mahi,A (1502)-Saypuri,S (1824) Chess.com INT 2020}) 12. e4 Nxe4 {White is slightly better.} 13. Nxe4 fxe4 14. Qxe4 Bf6 15. Rad1 Qh5 16. a3 Rb8 17. Qe1 Bd7 {[#]} 18. Ne5 $1 Bc8 {[#]} (18... dxe5 19. dxe5) 19. Nd3 a4 20. b4 c6 21. Nf4 Qf7 22. Qe2 Nc7 23. Qc2 e5 24. dxe5 dxe5 25. Nd3 Bf5 26. Rfe1 (26. Qxa4 Qxc4 27. Nc5 (27. Bxe5 $2 Ra8 $19) (27. Nxe5 $2 Bxe5 28. Bxe5 Ra8 $19) 27... Bc2 $17) ({White should play} 26. Qc1 $14) 26... Rbd8 $11 27. Be4 $36 {[%mdl 2048] White has some pressure.} Qh5 (27... Bxe4 $11 {keeps the balance.} 28. Rxe4 Ne6) 28. Nc5 $16 {White now steadily converts the win.} (28. Qxa4 Ne6 $17) 28... Bxe4 29. Nxe4 Ne6 30. Qxa4 Qf3 31. Qc2 Ng5 32. Nxg5 Bxg5 33. Rxd8 Rxd8 34. Qe2 Qf7 35. Bc3 h6 36. h4 Bf6 37. a4 {[%cal Ba3a4,Ba4a5][%mdl 32]} Qd7 (37... Qg6 {keeps fighting.} 38. b5 (38. Bxe5 Re8 $16) 38... Bxh4) 38. Qe4 ({Much less strong is} 38. Bxe5 $6 Re8 $16) 38... Qf7 39. a5 ({Resist} 39. Bxe5 $6 Re8 $18) 39... Rd6 40. Bxe5 Re6 41. f4 Bxe5 42. fxe5 Rg6 $2 (42... Qe7 43. c5 Qd7) 43. Kg2 $18 {aiming for e6.} Qe6 44. Rd1 {Strongly threatening Rd8+.} Rg4 45. Rd8+ Kf7 46. Qf3+ {Weighted Error Value: White=0.13/Black=0.53} 1-0

[Event "Sheikh Russel GM 2021"]
[Site "Dhaka"]
[Date "2021.10.27"]
[Round "9.14"]
[White "Hossain, Enamul"]
[Black "Pranav Vijay"]
[Result "0-1"]
[WhiteElo "2396"]
[BlackElo "2265"]
[Annotator "NA"]
[PlyCount "140"]
[EventDate "2021.10.19"]
[EventType "swiss"]
[EventCountry "BAN"]
[SourceTitle "playchess.com"]
[Source "ChessBase"]
[SourceQuality "1"]
[TimeControl "40/5400+30:1800+30"]

1. d4 {[%emt 0:00:05]} Nf6 {[%emt 0:00:15]} 2. c4 {[%emt 0:00:13]} e6 {[%emt 0:00:05]} 3. Nc3 {[%emt 0:00:10]} Bb4 {[%emt 0:00:05]} 4. Qc2 {[%emt 0:00:18]} O-O {[%emt 0:00:22]} 5. e4 {[%emt 0:00:22]} d6 {[%emt 0:00:05]} 6. e5 {[%emt 0:00:52]} dxe5 {[%emt 0:01:20]} 7. dxe5 {[%emt 0:00:49]} Ng4 {[%emt 0:00:30]} 8. Nf3 {[%emt 0:16:24]} Nc6 {[%emt 0:00:22]} 9. Bf4 {[%emt 0:03:36]} Nd4 {[%emt 0:03:51]} 10. Qd3 {[%emt 0:03:11] [#]} f6 $1 {[%emt 0:06:57]} 11. Qxd4 {[%emt 0:10:45]} Qxd4 {[%emt 0:00:25]} 12. Nxd4 {[%emt 0:00:02]} fxe5 {[%emt 0:00:18]} 13. Nxe6 {[%emt 0:00:48]} Bxe6 {[%emt 0:00:20]} 14. Bg3 {[%emt 0:00:04]} Bc5 {[%emt 0:04:43]} 15. Ne4 {[%emt 0:00:57]} Bd4 {[%emt 0:01:24]} 16. Rb1 {[%emt 0:12:04]} (16. Bd3 $1 $11 {keeps the balance.}) 16... Nf6 {[%emt 0:11:07]} 17. Nxf6+ {[%emt 0:02:14]} gxf6 {[%emt 0:00:09]} 18. Bd3 {[%emt 0:02:44]} Rad8 $17 {[%emt 0:01:40]} 19. Ke2 {[%emt 0:05:54]} f5 {[%emt 0:02:26]} 20. b3 {[%emt 0:01:22]} Rd7 {[%emt 0:05:41]} 21. Bh4 {[%emt 0:04:16]} Rg7 {[%emt 0:05:22]} 22. g3 {[%emt 0:00:55]} c5 {[%emt 0:01:00]} 23. f3 {[%emt 0:01:01]} Bd7 {[%emt 0:02:57]} 24. Rhf1 {[%emt 0:01:10]} Rg6 {[%emt 0:03:44]} 25. Kd2 {[%emt 0:04:08]} Rh6 {[%emt 0:01:39]} 26. Rbe1 {[%emt 0:01:55]} Kf7 {[%emt 0:07:26]} 27. Re2 {[%emt 0:00:41]} Rg8 {[%emt 0:00:29]} 28. Rfe1 {[%emt 0:00:44]} Rxh4 {[%emt 0:01:56]} 29. gxh4 {[%emt 0:00:14]} Kf6 {[%emt 0:00:07]} 30. Bc2 {[%emt 0:07:15]} Rg6 {[%emt 0:02:15]} 31. Bd1 {[%emt 0:04:22]} b5 {[%emt 0:01:10]} 32. Bc2 {[%emt 0:02:23]} b4 {[%emt 0:03:15]} 33. Rf1 {[%emt 0:00:03]} Rh6 {[%emt 0:01:29]} 34. Rg2 {[%emt 0:00:43]} Be6 {[%emt 0:00:42]} 35. Ke2 {[%emt 0:03:19]} Rxh4 {[%emt 0:00:20]} 36. Bd3 {[%emt 0:01:16]} Bf7 {[%emt 0:00:47]} 37. Kd1 {[%emt 0:00:36]} Be3 {[%emt 0:00:34]} 38. Ke2 {[%emt 0:00:30]} Bd4 {[%emt 0:00:54]} 39. Kd1 {[%emt 0:00:12]} Rh3 {[%emt 0:01:34]} 40. Be2 {[%emt 0:00:00]} Bg6 {[%emt 0:00:00]} 41. Kd2 {[%emt 0:01:46]} Bh5 {[%emt 0:03:39]} 42. Bd1 {[%emt 0:03:49]} Rh4 {[%emt 0:03:28]} 43. Be2 {[%emt 0:00:36]} Bg6 {[%emt 0:02:25]} 44. Kc2 {[%emt 0:07:04]} a5 {[%emt 0:01:47]} 45. Kd2 {[%emt 0:01:15]} Bf7 {[%emt 0:00:40]} 46. Kc2 {[%emt 0:02:10]} Be8 {[%emt 0:07:09]} 47. Kd2 {[%emt 0:01:26]} a4 {[%emt 0:02:42]} 48. Kc2 {[%emt 0:00:06]} Bc6 {[%emt 0:03:38]} 49. Kd2 {[%emt 0:00:32]} Rh3 {[%emt 0:01:04]} 50. Bd1 {[%emt 0:01:11]} a3 {[%emt 0:02:32]} 51. Be2 {[%emt 0:11:14]} e4 {[%emt 0:06:55]} 52. fxe4 {[%emt 0:01:22]} Bxe4 {[%emt 0:00:07]} 53. Rg8 {[%emt 0:00:06]} Kf7 {[%emt 0:00:44]} 54. Rg4 {[%emt 0:02:07]} Ke7 {[%emt 0:01:31]} 55. Rxe4+ {[%emt 0:01:30]} fxe4 {[%emt 0:00:07]} 56. Rf5 {[%emt 0:00:01]} Rxh2 {[%emt 0:02:44]} 57. Rh5 {[%emt 0:00:02]} Rxh5 {[%emt 0:05:35]} 58. Bxh5 {[%emt 0:00:01]} Kf6 {[%emt 0:00:09]} 59. Ke2 {[%emt 0:00:18]} Kg5 {[%emt 0:00:06]} 60. Bf7 {[%emt 0:00:01]} h5 {[%emt 0:00:10]} 61. Bd5 {[%emt 0:00:24]} Kf4 {[%emt 0:00:00]} 62. Bf7 {[%emt 0:00:27]} h4 {[%emt 0:24:33]} 63. Be6 {[%emt 0:15:55]} Bf6 {[%emt 0:00:00]} 64. Bh3 Bg5 {[%emt 0:01:00]} 65. Bg2 {[%emt 0:00:00]} Ke5 {[%emt 0:00:30]} 66. Kd1 {[%emt 0:00:00]} Kd4 {[%emt 0:00:00]} 67. Kc2 {[%emt 0:00:00]} Ke3 {[%emt 0:00:00]} 68. Kd1 {[%emt 0:00:00]} Kd3 {[%emt 0:00:00]} 69. Bh3 {[%emt 0:00:00]} Kc3 {[%emt 0:00:00]} 70. Bg2 {[%emt 0:00:00]} e3 {[%emt 0:00:00]} 0-1

[Event "Sheikh Russel GM 2021"]
[Site "Dhaka"]
[Date "2021.10.27"]
[Round "9.15"]
[White "Malakhatko, Vadim"]
[Black "Zubarev, Alexander"]
[Result "1-0"]
[WhiteElo "2444"]
[BlackElo "2395"]
[Annotator "TA"]
[PlyCount "83"]
[EventDate "2021.10.19"]
[EventType "swiss"]
[EventCountry "BAN"]
[SourceTitle "playchess.com"]
[Source "ChessBase"]
[SourceQuality "1"]

{[%evp 21,83,87,91,79,81,78,142,131,147,147,157,74,69,71,65,61,91,96,91,92,80,73,73,69,108,100,120,122,114,58,193,164,162,164,146,150,168,134,128,102,122,118,135,130,277,231,264,241,261,255,313,306,354,299,308,202,565,553,657,669,620,626,1204,681]} 1. d4 Nf6 2. c4 g6 3. Nc3 Bg7 4. e4 d6 5. Be2 O-O 6. Nf3 Nbd7 7. O-O e5 8. Qc2 c6 9. Rd1 Qe7 10. d5 c5 11. Bg5 h6 12. Bd2 {E94: King's Indian: Classical: 6 Be2 e5 7 0-0: Various Black 7th moves.} Ne8 13. g3 f5 (13... Ndf6 $142) 14. Nh4 $16 {White is clearly better.} Qf7 15. exf5 gxf5 16. f4 (16. Qc1 $142) 16... e4 17. Be3 Ndf6 {[#]} 18. Kh1 $146 ({Predecessor:} 18. Rab1 h5 19. h3 Kh8 20. Kh2 Rg8 21. Rh1 Bf8 22. Rbg1 Be7 23. Qd1 Bd7 24. Rg2 {½-½ (41) Morrison,G (2366)-Arakhamia Grant,K (2506) Edinburgh 2009}) 18... Bd7 19. Rg1 h5 20. h3 Nc7 21. Raf1 b5 22. b3 {[%cal Bb2b3,Bb3c4][%mdl 32]} bxc4 23. bxc4 Rfb8 24. Nd1 Kf8 25. Bc1 (25. Bf2 $16) 25... Qg8 (25... Ng8 $1 $14) 26. Ne3 Qh7 27. Rg2 Kf7 28. Rh2 Rh8 29. Rff2 {[%cal Bf1f2,Bf2g2,Bg2g1][%mdl 32]} Rab8 30. Rfg2 Nce8 31. Bd1 Rb7 32. Qd2 Rg8 (32... Ng8 $16 {was called for.}) 33. Bb3 Bh8 34. Qa5 ({Resist} 34. Bb2 $6 Nc7 $16) 34... Kf8 35. Rg1 Ke7 36. Ba4 Bc8 37. Bc6 Rc7 38. Rb2 {Strongly threatening Rb8.} Rg7 $2 {[#]} (38... Nd7 {is a better chance.} 39. Nhxf5+ (39. Nexf5+ Kd8 $16) 39... Kd8) 39. Rb8 $18 {White is clearly winning.} Rf7 40. Bd2 Kf8 41. Ra8 Ng8 42. Qa4 {Weighted Error Value: White=0.14/Black=0.42} 1-0

[Event "Sheikh Russel GM 2021"]
[Site "Dhaka"]
[Date "2021.10.27"]
[Round "9.17"]
[White "Vignesh N R"]
[Black "Himanshu, Sharma"]
[Result "1-0"]
[WhiteElo "2453"]
[BlackElo "2394"]
[Annotator "TA"]
[PlyCount "113"]
[EventDate "2021.10.19"]
[EventType "swiss"]
[EventCountry "BAN"]
[SourceTitle "playchess.com"]
[Source "ChessBase"]
[SourceQuality "1"]

{[%evp 9,113,8,14,14,27,27,23,23,40,19,52,62,68,76,68,62,112,103,103,105,129,130,154,158,141,164,164,164,189,198,189,194,188,193,190,160,164,170,159,138,141,135,164,159,163,157,150,74,202,195,236,227,245,245,245,245,246,242,286,272,300,289,367,361,360,360,395,388,408,430,501,481,684,673,751,725,695,606,516,436,436,418,395,401,456,446,472,461,456,450,961,960,1063,1010,1966,2109,2024,2296,29982,29983,29984,29985,29985,29986,29986,29987]} 1. e4 c5 2. Nf3 e6 3. g3 Nc6 4. Bg2 Nf6 5. Qe2 d6 6. O-O {B40: Sicilian: 2...e6, Unusual lines.} e5 7. c3 Be7 8. Rd1 {White has an edge.} Qc7 9. Na3 a6 10. d4 {[#]} b5 $146 ({Predecessor:} 10... O-O 11. d5 Na7 12. c4 Ne8 13. Ne1 f5 14. f4 exf4 15. Bxf4 g5 16. Bd2 Bf6 {0-1 (36) Vakalis,A (1677)-Papadopoulos,A (1927) Achaia 2013}) 11. Nc2 O-O 12. Ne3 Bg4 ({Not} 12... Nxe4 $2 13. Nd5 $18) 13. Nxg4 Nxg4 14. Nh4 Bxh4 15. Qxg4 {d5 is the strong threat.} ({Much less strong is} 15. gxh4 $6 Nf6 $14) 15... Bf6 {[%cal Re5d4]} 16. dxc5 dxc5 17. Rd7 Qc8 {[#] aiming for ...Nb8.} 18. Bh3 $1 Na5 {[#]} 19. Rxf7 $3 {[%mdl 512]} Qxg4 20. Rxf8+ Kxf8 21. Bxg4 Rd8 22. Be3 Nc4 23. Bxc5+ Be7 24. Bxe7+ Kxe7 $16 {[%mdl 4096] Endgame KRB-KRN} 25. b3 Na3 26. b4 g5 27. Kf1 Rd2 28. Bd1 (28. Bf5 $142) 28... Nc4 {Black cannot hold the game after this.} (28... Rb2 $16) 29. Bb3 $18 Nd6 30. Bd5 Ne8 31. a4 Nc7 32. axb5 axb5 33. Bb3 Rb2 34. Bd1 h6 35. Ke1 Ke8 36. Bh5+ Ke7 37. Rd1 Rc2 38. Rd3 Rc1+ 39. Kd2 Rh1 40. Bg4 Ne8 (40... Ne6 $142 41. Rd5 Rxh2) 41. Rd7+ Kf8 42. Be6 Rxh2 43. Ke3 Rh1 44. Rf7+ Kg8 45. Rb7+ Kf8 46. Rxb5 Rc1 47. Rc5 Nd6 48. Bg4 Re1+ 49. Kd2 Rxe4 (49... Rh1 $142 50. Kd3 Rf1) 50. Be2 h5 51. f3 h4 52. fxe4 Nxe4+ 53. Ke3 Nxc5 54. bxc5 {White mates.} hxg3 55. Bf3 Ke7 56. Ke4 g4 57. Bg2 {Weighted Error Value: White=0.05/Black=0.34} 1-0

[Event "Sheikh Russel GM 2021"]
[Site "Dhaka"]
[Date "2021.10.27"]
[Round "9.18"]
[White "Lodhi, Mahmood"]
[Black "Das, Sayantan"]
[Result "1/2-1/2"]
[WhiteElo "2315"]
[BlackElo "2444"]
[Annotator "NA"]
[PlyCount "149"]
[EventDate "2021.10.19"]
[EventType "swiss"]
[EventCountry "BAN"]
[SourceTitle "playchess.com"]
[Source "ChessBase"]
[SourceQuality "1"]
[TimeControl "40/5400+30:1800+30"]

1. d4 {[%emt 0:00:05]} Nf6 {[%emt 0:00:29]} 2. Nf3 {[%emt 0:00:07]} g6 {[%emt 0:00:12]} 3. g3 {[%emt 0:00:11]} Bg7 {[%emt 0:00:09]} 4. Bg2 {[%emt 0:00:13]} O-O {[%emt 0:00:13]} 5. O-O {[%emt 0:00:11]} d6 {[%emt 0:00:11]} 6. c4 {[%emt 0:00:08]} Nc6 {[%emt 0:00:21]} 7. Nc3 {[%emt 0:00:24]} e5 {[%emt 0:00:19]} 8. dxe5 {[%emt 0:01:17]} dxe5 {[%emt 0:00:56] 8...dxe5 scores better than 8...Nxe5.} 9. Bg5 {[%emt 0:00:48]} Be6 {[%emt 0:00:39]} 10. Nd5 {[%emt 0:01:32]} Re8 {[%emt 0:16:06]} 11. Nd2 {[%emt 0:01:37]} Bxd5 {[%emt 0:04:15]} 12. cxd5 {[%emt 0:00:43]} Ne7 {[%emt 0:00:18]} 13. Bxf6 {[%emt 0:01:48]} Bxf6 {[%emt 0:00:03]} 14. Ne4 {[%emt 0:00:09]} Nf5 {[%emt 0:01:21] [#]} 15. e3 $146 {[%emt 0:02:34]} ({Predecessor:} 15. Rc1 Bg7 16. e3 Nd6 17. Qb3 Rb8 18. Rc2 Nxe4 19. Bxe4 Bf8 20. Qa4 a6 21. Bg2 {½-½ (60) Vakhidov,J-Lukovic,V (1924) Kemer 2007}) 15... Nd6 {[%emt 0:04:35]} 16. Qb3 {[%emt 0:01:24]} Rb8 {[%emt 0:05:10]} 17. Nxd6 {[%emt 0:06:24]} cxd6 {[%emt 0:00:29]} 18. Rac1 {[%emt 0:00:41]} Qd7 {[%emt 0:02:35]} 19. Rc4 {[%emt 0:01:09]} Bd8 {[%emt 0:01:26]} 20. h4 {[%emt 0:00:48]} Bb6 {[%emt 0:05:21]} 21. Kh2 {[%emt 0:01:59]} f5 {[%emt 0:01:59]} 22. e4 {[%emt 0:03:16]} Rf8 {[%emt 0:06:01]} 23. Bh3 {[%emt 0:01:42]} Qg7 {[%emt 0:00:57]} 24. f4 {[%emt 1:13:20]} Rbe8 $11 {[%emt 0:08:40]} 25. Qc2 {[%emt 0:00:00]} exf4 {[%emt 0:12:51]} 26. Rxf4 {[%emt 0:00:00]} Qe5 {[%emt 0:00:57]} 27. Qc3 {[%emt 0:00:00]} Qxc3 {[%emt 0:08:22]} 28. bxc3 {[%emt 0:00:00]} Re5 {[%emt 0:00:15]} 29. Bg2 {[%emt 0:00:00]} Bc5 {[%emt 0:03:55]} 30. exf5 {[%emt 0:00:00]} gxf5 {[%emt 0:06:08]} 31. a4 {[%emt 0:00:00]} b6 {[%emt 0:02:59]} 32. Rf1 {[%emt 0:00:00]} Kg7 {[%emt 0:02:16]} 33. g4 {[%emt 0:00:00]} h5 {[%emt 0:02:25]} 34. gxh5 {[%emt 0:00:00]} Rh8 {[%emt 0:02:03]} 35. Bf3 {[%emt 0:00:00]} Kf6 {[%emt 0:00:36]} 36. h6 {[%emt 0:00:00]} Rxh6 {[%emt 0:00:57]} 37. h5 {[%emt 0:00:00]} Rh8 {[%emt 0:00:45]} 38. Rh4 {[%emt 0:00:00]} Be3 {[%emt 0:00:49]} 39. Rh3 {[%emt 0:00:21]} f4 {[%emt 0:00:36]} 40. Re1 {[%emt 0:00:00]} Rg5 {[%emt 0:00:00]} 41. Re2 {[%emt 0:02:36]} Rh6 {[%emt 0:11:53]} 42. Rg2 {[%emt 0:03:05]} Re5 {[%emt 0:00:07]} 43. Re2 {[%emt 0:01:51]} Re8 {[%emt 0:01:06]} 44. c4 {[%emt 0:01:53]} Rc8 {[%emt 0:00:33]} 45. Rc2 {[%emt 0:00:37]} Ke5 {[%emt 0:01:13]} 46. Be2 {[%emt 0:02:07]} Kd4 {[%emt 0:01:23]} 47. Ra2 {[%emt 0:00:44]} Rg8 {[%emt 0:02:32]} 48. a5 {[%emt 0:01:52]} bxa5 {[%emt 0:00:42]} 49. Rxa5 {[%emt 0:00:03]} Rb8 {[%emt 0:03:15]} 50. Kg2 {[%emt 0:02:07]} Rg8+ {[%emt 0:02:20]} 51. Kh2 {[%emt 0:03:38]} Rb8 {[%emt 0:00:18]} 52. Kg2 {[%emt 0:00:02]} Ke5 {[%emt 0:00:34]} 53. Ra2 {[%emt 0:06:06]} Rb3 {[%emt 0:02:24]} 54. Rxa7 {[%emt 0:00:53]} Kf6 {[%emt 0:02:21]} 55. Rd7 {[%emt 0:00:58]} Rb2 {[%emt 0:00:42]} 56. Kf3 {[%emt 0:01:18]} Bc5 {[%emt 0:00:13]} 57. Rd8 {[%emt 0:05:42]} Ke7 {[%emt 0:00:45]} 58. Rg8 {[%emt 0:00:21]} Rf6 {[%emt 0:02:13]} 59. Rg7+ {[%emt 0:02:33]} Kf8 {[%emt 0:00:24]} 60. Rg6 {[%emt 0:00:29]} Rf7 {[%emt 0:02:45]} 61. h6 {[%emt 0:02:15]} Rb3+ {[%emt 0:01:06]} 62. Kg2 {[%emt 0:00:36]} Rxh3 {[%emt 0:00:50]} 63. Kxh3 {[%emt 0:00:36]} f3 {[%emt 0:00:23]} 64. Bf1 {[%emt 0:00:03]} Ke7 {[%emt 0:01:45]} 65. Kg3 {[%emt 0:01:28]} f2 {[%emt 0:00:16]} 66. Re6+ {[%emt 0:01:01]} Kd7 {[%emt 0:00:14]} 67. Kg4 {[%emt 0:01:19]} Bd4 {[%emt 0:01:32]} 68. Re4 {[%emt 0:00:42]} Bb2 {[%emt 0:00:49]} 69. Kg5 {[%emt 0:01:04]} Rf3 {[%emt 0:00:17]} 70. h7 {[%emt 0:01:14]} Rg3+ {[%emt 0:00:27]} 71. Kh4 {[%emt 0:00:38]} Rg6 {[%emt 0:01:09]} 72. Bh3+ {[%emt 0:00:57]} Kd8 {[%emt 0:00:20]} 73. Re6 {[%emt 0:00:44]} Rxe6 {[%emt 0:00:36]} 74. dxe6 {[%emt 0:00:02]} Ke7 {[%emt 0:00:15]} 75. Bf1 {[%emt 0:03:35]} 1/2-1/2